LEADER 01375nam a2200265 4500 001 000000330518 003 CaOOAMICUS 005 20251029114336.0 008 180927s20172017it 000 u ita r 020 $a978-88-6240-509-6 040 $aSeMil$bita 100 1 $aElli, Alberto.$0(OLS)http://semarc/name/88677 245 10$aStoria della Chiesa ortodossa Taw??edo d'Etiopia :$bChiesa ortodossa etiopica dell'Unione (denominazione ufficiale attuale della Chiesa etiopica) /$cAlberto Elli. 264 1$aMilano :$bETS, Edizioni Terra Santa,$c2017. 300 $a2 v. :$c24 cm 490 1 $aStudia orientalia christiana. Monographiae ;$v25 650 4$aChiesa ortodossa tewahedo d'Etiopia - Storia.$0(OLS)http://semarc/subject/47655 650 4$aEtiopia - Storia religiosa.$0(OLS)http://semarc/subject/58818 774 0 $tTomo 1.$g1$w()330519 774 0 $tTomo 2.$g2$w()330520 830 0$aStudia orientalia christiana. Monographiae ;$v25.$0(OLS)http://semarc/title/418965 996 $6020$a978-88-6240-509-6$9(OLS)http://semarc/number/285248 996 $6245$aStoria della Chiesa ortodossa Taw??edo d'Etiopia :$bChiesa ortodossa etiopica dell'Unione (denominazione ufficiale attuale della Chiesa etiopica)$9(OLS)http://semarc/title/418966 996 $6264$aMilano :$bETS, Edizioni Terra Santa$9(OLS)http://semarc/publisher/56491 LEADER 01345nam a2200241 i 4500 001 000000080494 003 CaOOAMICUS 005 20180528000000.0 008 180528s1960 it u000 u ita u 013 $a52732 040 $aSeMil$bita 100 1 $aAriosto, Ludovico,$d<1474-1533>.$0(OLS)http://semarc/name/1232 245 10$aOrlando furioso :$bsecondo l'edizione del 1532 con le varianti delle edizioni del 1516 e del 1521 /$cLudovico Ariosto a cura di Santorre Debenedetti e Cesare Segre. 260 $aBologna :$bCommissione per i testi di lingua,$c1960. 490 0 $aCollezione di opere inedite o rare pubblicate dalla Commissione per i testi di lingua ;$v122 700 1 $aSegre, Cesare,$d<1928-2014>.$0(OLS)http://semarc/name/3893 700 1 $aDebenedetti, Santorre.$0(OLS)http://semarc/name/8292 830 0$aCollezione di opere inedite o rare pubblicate dalla Commissione per i testi di lingua ;$v122.$0(OLS)http://semarc/title/400895 850 $aSeMil 852 $aSeMil$W1$xVenegono$y1$m1A IV 125$j45957$B45957$CSeMilBibl$Z2$F48091 $81 961 $aLascito: Villa mons. Luigi 996 $6245$aOrlando furioso :$bsecondo l'edizione del 1532 con le varianti delle edizioni del 1516 e del 1521$9(OLS)http://semarc/title/403946 996 $6260$aBologna :$bCommissione per i testi di lingua$9(OLS)http://semarc/publisher/34751